000 01064nam a22003137a 4500
003 CHAP
005 20220329134039.0
008 971013s1979 r 00010 d
010 _a14610
011 _a15582
035 _a19658
040 _cCHAP
090 _aTesis
100 0 0 _aHernández Rangel, Fernando.
_954516
245 _aDeterminación de la adulteración con calostro de la leches broncas que se expenden en el municipio de Cuernavaca, Mor.
260 _aMéxico, D.F. :
_bEl Autor,
_c1979
300 _a34 h.
_b: gráfs.
502 _aTesis (Médico Veterinario Zootecnista) -- UNAM. Fac. de Medicina Veterinaria y Zootecnia
590 _aALEPH
_b10
_c20130110
_lUCH01
_h1236
590 _aBATCH-UPD
_b10
_c20130110
_lUCH01
_h0903
590 _aBATCH-UPD
_b10
_c20130410
_lUCH01
_h0531
590 _aBATCH-UPD
_b10
_c20130914
_lUCH01
_h0819
590 _aCONVERSION
_b10
_c20130109
_lUCH01
_h1309
650 1 4 _aCalostro.
_917582
650 1 4 _aLeche
_xAnálisis.
_965359
901 _aBK
942 _cTESIS
949 _bBC
_cTES
_d-45852
_eTS1
_i19658
_si
999 _c14610
_d14610